Повість про Гоголя. Останні роки (Запис № 17290)

000 -Маркер запису
Контрольне поле сталої довжини 02352nam a22002537a 4500
003 - Належність контрольного номера
Контрольне поле Uzh_bibl
008 - Кодовані дані
Контрольне поле сталої довжини 260408b |||||||| |||| 00| 0 ukr d
020 ## - Індекс ISBN
Ціна 0.75
040 ## - Джерело каталогіз.
Служба первин.кат. укр.
041 ## - Код мови видання
Код мови оригіналу українська
Код мови тексту українська
080 ## - Індекс УДК
Індекс УДК 821(477)
090 ## - Шифри
Поличний індекс 821(477)
Авторський знак П 52
100 ## - Автор
Автор Полторацький, Олексій
245 ## - Назва
Назва Повість про Гоголя. Останні роки
Фізичний носій Текст
260 ## - Вихідні дані
Місце видання Київ
Видавництво Радянський письменник
Дата видання 1976
300 ## - Фізичний опис
Обсяг 318 с.
Тип одиниці В опр.
520 ## - Анотація
Анотація Огляд від ШІ<br/><br/>«Повість про Гоголя. Останні роки» Олексія Полторацького — це біографічна проза, випущена у 1976 році видавництвом «Радянський письменник» (Київ), яка художньо описує завершальний період життя Миколи Гоголя. Книга висвітлює творчі пошуки, складні психологічні стани та повернення письменника до Російської імперії, часто ілюстрована М.С. Туровським. Твір присвячений останнім рокам життя Миколи Гоголя. Автор показує його духовні пошуки, творчі переживання, стан здоров’я та внутрішні суперечності. Через події та оточення письменника розкривається складність його особистості, боротьба між творчістю, вірою та життєвими труднощами.
521 ## - Примітка про цільове призначення
Примітка про цільове призначення Для широкого кола читачів
546 ## - Примітка про мову
Примітка про мову укр.
650 ## - Тематичні рубрики
Основна рубрика Літературно-художнє видання
Хронологічна підрубрика Переважно в 1840–1852 роках — останній період життя Миколи Гоголя
Географічна підрубрика Події відбуваються в Російській імперії та за кордоном (зокрема в Італії)
653 ## - Ключові слова
Ключові слова Гоголь
-- Письменник
-- Духовність
-- Творчість
-- Пошуки
655 ## - Термін індексування — жанр/форма
Жанр/форма Художньо-біографічна повість
Типове ділення [Повісті]
942 ## - ADDED ENTRY ELEMENTS (KOHA)
Джерело класифікації чи схема поличного розташування
Koha item type Книги
Фонди
Статус вилучення Статус втрати/відсутності Джерело класифікації чи схема поличного розташування Статус пошкодження Тип обігу (не для випозичання) Постійне розташування Поточне розташування Розташування у відділі Дата надходження Інвентарний номер Total Checkouts Повний (примірниковий) шифр зберігання Штрих-код Date last seen Дата, для якої чинна ціна заміни Тип одиниці (рівень примірника)
          Публічна бібліотека Публічна бібліотека Абонемент 08/04/2026 86536   821(477) 20139 08/04/2026 08/04/2026 Книги

Працює на АБІС Коха